| 000 | 00505nam a2200193Ia 4500 | ||
|---|---|---|---|
| 003 | IIN | ||
| 005 | 20250326132110.0 | ||
| 008 | 231217s9999 xx ad 001 0 eng d | ||
| 020 |
_cRs.750.00 _a9788131262450 |
||
| 040 |
_aIIN _bEnglish |
||
| 082 |
_a611 _bSIN |
||
| 100 | 1 | _aSingh, Vishram | |
| 245 | 1 |
_aTextbook of Anatomy _bUpper Limb and Thorax _cVishram Singh |
|
| 250 | _a3rd ed | ||
| 260 |
_bElsevier _aNew Delhi _c2020 |
||
| 300 | _axvii, 352 p./ V.1 | ||
| 650 | 1 | _aAnatomy | |
| 942 | _cBOOK | ||
| 999 |
_c876 _d876 |
||